000
00213nam a22000977a 4500
040
_c
DLC
082
_a
891.4393
_b
RUS
100
_a
Ruswa, Mirza Muhammad Hadi
_9
82897
245
_a
Amrao Jaan Adaa
942
_2
ddc
_c
BK
999
_c
586484
_d
586484